000 00608nam a22002537a 4500
999 _c316310
_d316310
001 29910
003 UA-OsUOA
005 20200323164903.0
007 ta
008 20041101b un ||||| |||| 00| 0 ukr d
020 _a5898260110
040 _aUA-OsUOA
_brus
_cUA-OsUOA
_dUA-OsUOA
041 _arus
044 _aRU
080 _a82-343(495)
090 _a82-343(495)
_bГ79
100 _aГрейвс Р.
245 _aМифы древней Греции
_nкн. 2
260 _aМ.
_bПрогрес-Традиция
_c2001
300 _a448 с.
650 7 _2UDC
942 _cBK
_2udc
955 _a0